Music Quiz

Random Music or Artist Quiz

The Singer, Not the Song (Clickable) Quiz Stats

 Plays Quiz not verified by Sporcle

Challenge
Share
Tweet
Embed
Score 0/30 Timer 03:00
1 Play Today
% Correct
David Bowie
96.1%
Lady Gaga
95.5%
Madonna
93.5%
Billie Holiday
92.2%
Liza Minnelli
90.2%
Little Richard
88.2%
Tom Jones
88%
Tony Bennett
87.8%
Frankie Avalon
86.2%
Debbie Harry
85.2%
Barbara Gaskin
84.3%
Ann Wilson
82.2%
Perry Como
79.6%
Sara Bareilles
78.1%
Michael Nesmith
72.6%
% Correct
Rosemary Clooney
71.5%
Suzi Quatro
70.2%
Jennifer Holliday
69.4%
Anita O'Day
69.2%
Julian Cope
67.3%
Richard Thompson
59.9%
Maggie Reilly
59.3%
Murray Head
59.2%
Peter Wolf
57.6%
Dickey Lee
52.1%
Bobby Long
50.1%
Long John Baldry
45.5%
Paulina Gretzky
43.1%
Happy Traum
38.4%
Little Peggy March
36.4%

You're not logged in!

Compare scores with friends on all Sporcle quizzes.
OR
Log In

You Might Also Like...

Show Comments

Extras

Top Quizzes Today


Score Distribution

Your Account Isn't Verified!

In order to create a playlist on Sporcle, you need to verify the email address you used during registration. Go to your Sporcle Settings to finish the process.

Report this User

Report this user for behavior that violates our Community Guidelines.

Details: